Management Principles: A Contemporary Edition for Africa (Record no. 4315)

MARC details
005 - DATE AND TIME OF LATEST TRANSACTION
control field 20250618143107.0
020 ## - INTERNATIONAL STANDARD BOOK NUMBER
International Standard Book Number 978-0-70217-281-6
082 ## - DEWEY DECIMAL CLASSIFICATION NUMBER
Classification number 658.8 SMI
100 ## - MAIN ENTRY--PERSONAL NAME
Author name SMIT,P.J.
245 ## - TITLE STATEMENT
Title Management Principles: A Contemporary Edition for Africa
250 ## - EDITION STATEMENT
Edition statement 5th Ed.
260 ## - PUBLICATION, DISTRIBUTION, ETC.
Place of publication, distribution, etc. Cape Town
Name of publisher, distributor, etc. Juta and Company Ltd,
Date of publication, distribution, etc. 2011.
300 ## - PHYSICAL DESCRIPTION
Extent xvii,525p.:ill.;figures
Other physical details Bibliography and Index
Dimensions 24.5cm
700 ## - ADDED ENTRY--PERSONAL NAME
Other authors/Editors Cronje,G.J.
700 ## - ADDED ENTRY--PERSONAL NAME
Other authors/Editors Brevis,T.
700 ## - ADDED ENTRY--PERSONAL NAME
Other authors/Editors Vrba,M.J.
942 ## - ADDED ENTRY ELEMENTS (KOHA)
Source of classification or shelving scheme Dewey Decimal Classification
Koha item type Books
Holdings
Date last seen Total checkouts Full call number Barcode Cost, replacement price Price effective from Koha item type Lost status Source of classification or shelving scheme Damaged status Not for loan Withdrawn status Home library Current library Shelving location Date acquired Source of acquisition Cost, normal purchase price
06/18/2025   658.8 SMI MZA0001445 276000.00 06/18/2025 Books   Dewey Decimal Classification       CBE Mwanza CBE Mwanza General Collection 06/18/2025 Donation from Mr. Madinda 92000.00